000 00704nam a2200253Ia 4500
003 OSt
005 20220918214515.0
006 a|||||r|||| 00| 0
007 ta
008 220917b |||||||| |||| 00| 0 eng d
024 _a137,749
037 _cTextual
040 _aARTS
_cARTS
_beng
041 _2eng
_aeng
082 _aY:37, L5
100 _aWelch Susan Ed
_9117910
245 0 _aPublic opinion
_b Its formation measurement and impact
260 _aCalifornia
_bMayfield
_c1975
300 _aviii, 541p. tables
_ccm.
650 _aSOCIOLOGY
700 _a Comer John Ed
_9131554
942 _hY:37, L5
_cTEXL
_2CC
999 _c260827
_d260827